| 000 | 00536nam a22001937a 4500 | ||
|---|---|---|---|
| 003 | CEME | ||
| 005 | 20210628202809.0 | ||
| 008 | 210104b xxu||||| |||| 00| 0 eng d | ||
| 020 | _a9788131726990 | ||
| 040 | _cceme | ||
| 082 | _a620.1 HIB | ||
| 100 |
_aHibbeler, R.C _91019 |
||
| 245 | _aEngineering mechanics statics and dynamics ,in si units | ||
| 250 | _a11TH | ||
| 260 |
_aINDIA _bPEARSON EDUCATION _c2010 |
||
| 300 | _aX, 838P | ||
| 650 |
_aTEXTBOOK-DME.ENGINEERING MECHANICS STATICS AND DYNAMICS _961680 |
||
| 942 |
_cBK _2ddc |
||
| 999 |
_c571052 _d571052 |
||